Risultati dell'Atalanta in UEFA Europa League 2017-2018 - Statistics

Statistiche generali
  • Questo quiz è stato fatto 14 volte
  • Il punteggio medio è 6 su 8
Statistiche sulle risposte
Hint Risposta % Corretto
Everton - Atalanta 1-5
92%
Borussia Dortmund - Atalanta 3-2
92%
Olympique Lione - Atalanta 1-1
83%
Atalanta - Borussia Dortmund 1-1
83%
Atalanta - Everton 3-0
75%
Atalanta - Olympique Lione 1-0
67%
Apollōn Limassol - Atalanta 1-1
58%
Atalanta - Apollōn Limassol 3-1
58%
Nessun quiz corrispondente trovato
Distribuzione punteggi
Percentuale di utenti per punteggio
Percentile per numero di risposta
I tuoi punteggi nel tempo
Non hai fatto questo quiz